Science Quiz

Random Science or Chemistry Quiz

Equation Matching: Chemistry Quiz Stats

 Plays Quiz not verified by Sporcle

Score 0/10 Timer 05:00
0 Plays Today
% Correct
Ideal Gas Law
81.2%
Boyle's Law
72.5%
Gibbs Free Energy
65.2%
Real Gas Law/Van der Waals Equation
62.3%
Henderson-Hasselbach Equation
60.9%
Relation of Gibbs Free Energy to Energy Potential
59.4%
Law of Chemical Equilibrium
52.2%
Nernst Equation
52.2%
Graham's Law
30.4%
Differential Rate Law
30.4%

You're not logged in!

Compare scores with friends on all Sporcle quizzes.
OR
Log In

Show Comments

Extras

Top Quizzes Today


Score Distribution

Your Account Isn't Verified!

In order to create a playlist on Sporcle, you need to verify the email address you used during registration. Go to your Sporcle Settings to finish the process.

Report this User

Report this user for behavior that violates our Community Guidelines.

Details: